| 000 | 00937nam a22003017a 4500 | ||
|---|---|---|---|
| 999 |
_c15499 _d15499 |
||
| 003 | EG-ScBUE | ||
| 005 | 20210301103709.0 | ||
| 008 | 110601t1965 nyu f 000 d eng d | ||
| 020 | _a0802151140 | ||
| 020 | _a9780802151148 | ||
| 040 |
_aEG-ScBUE _beng _erda _cEG-ScBUE _dEG-ScBUE |
||
| 082 | 0 | 4 |
_a822.914 _bPIN _222 |
| 100 | 1 |
_aPinter, Harold, _d1930-2008, _eauthor. _924545 |
|
| 245 | 1 | 4 |
_aThe birthday party and the room : _btwo plays / _cby Harold Pinter. |
| 264 | 1 |
_aNew York : _bGrove Press, _c1965. |
|
| 300 |
_a116 pages : _b[12] pages of plates ; _c21 cm |
||
| 336 |
_2rdacontent _atext _btxt |
||
| 337 |
_2rdamedia _aunmediated _bn |
||
| 338 |
_2rdacarrier _avolume _bnc |
||
| 500 | _a2 Plays. | ||
| 586 | _aNobel prize for literature, | ||
| 650 | 7 |
_924969 _aEnglish drama. _2BUEsh |
|
| 651 | _2BUEsh | ||
| 653 |
_cMay2011 _bHHUUEENN |
||
| 655 |
_vReading book _934232 |
||
| 942 |
_2ddc _cBB |
||